000 00346nam a2200145Ia 4500
008 230711s9999||||xx |||||||||||||| ||und||
041 _aENG
082 _a621
_bCR-C
100 _aCrystal, David
245 4 _aThe cambridge factfinder
250 _a1st Ed.
260 _c1994
_aNew Delhi
_bPradeep publishers
650 _aLiterature
942 _cBK
999 _c2907
_d2907